• 首页
  • 本馆介绍
  • 公告通知
  • 最新文献
  • 馆藏检索
  • 电子资源
  • 读者导购
  • 参考咨询
  • 我的图书馆
  • 登录
  • 详细信息显示
  • 放入我的书架
  • 预约/预借图书
  • 作者相关作品
  • 分类相关作品
  • 丛书相关作品
  • 出版社相关作品

书目信息

  • 表格格式
  • 工作单格式
  • 卡片格式
题名:
孩子爱使小性子、闹情绪,妈妈怎么办
    
 
作者: 张晓云 著
分册:  
出版信息: 北京   中国妇女出版社  2017
页数: 182页
开本: 23cm
丛书名:
单 册:
中图分类: B842.6 , G781
科图分类:
主题词: 情绪--qing xu--自我控制--儿童教育--家庭教育
电子资源:
ISBN: 978-7-5127-1378-9
000 00949nam0 22002531 450
001 0102164916
005 20170502164916.0
010    @a978-7-5127-1378-9@dCNY29.80
100    @a20170303d2017 em y0chiy50 ea
101 0  @achi
102    @aCN@b110000
105    @ay z 000yy
106    @ar
200 1  @a孩子爱使小性子、闹情绪,妈妈怎么办@9hai zi ai shi xiao xing zi nao qing xu ma ma zen me ban@f张晓云著
210    @a北京@c中国妇女出版社@d2017
215    @a182页@d23cm
305    @a由永续图书有限公司授权出版
330    @a本书共五章,内容包括育儿过程中父母不要被情绪所控制;了解情绪,才能更好地帮孩子掌控情绪;做情绪的主人,强化孩子的正面情绪;做情绪的主人,强化孩子的负面情绪;孩子情绪失控,妈妈怎么办。
606 0  @a情绪@9qing xu@x自我控制@x儿童教育@x家庭教育
690    @aB842.6@v5
690    @aG781@v5
701  0 @a张晓云@9zhang xiao yun@c(女,文学)@4著
801  0 @aCN@b百万庄@c20170308
905    @b1002742-7@dB842.6@e1644@f6
    
    孩子爱使小性子、闹情绪,妈妈怎么办/张晓云著.-北京:中国妇女出版社,2017
    182页;23cm
    
    
    ISBN 978-7-5127-1378-9:CNY29.80
    本书共五章,内容包括育儿过程中父母不要被情绪所控制;了解情绪,才能更好地帮孩子掌控情绪;做情绪的主人,强化孩子的正面情绪;做情绪的主人,强化孩子的负面情绪;孩子情绪失控,妈妈怎么办。
●
相关链接 在E读中查询图书 在五车中查询图书 在当当中查询图书 在豆瓣中查询图书


正题名:孩子爱使小性子、闹情绪,妈妈怎么办     索取号:B842.6/1644         预约/预借

序号 登录号 条形码 馆藏地/架位号 状态 备注
1 1002742   210027424   第一样本阅览室/ [索取号:B842.6/1644] 在馆    
2 1002743   210027433   教育系资料室/ [索取号:B842.6/1644] 在馆    
3 1002744   210027442   教育系资料室/ [索取号:B842.6/1644] 在馆    
4 1002745   210027451   教育系资料室/ [索取号:B842.6/1644] 在馆    
5 1002746   210027460   第一借阅区/ [索取号:B842.6/1644] 在馆    
6 1002747   210027479   第一借阅区/ [索取号:B842.6/1644] 在馆    
唐山师范学院图书馆 欢迎您!
大连网信软件有限公司© 版权所有